000 00733nam a22002537a 4500
008 131103b xxu||||| |||| 00| 0 eng d
020 _a0-13-922774-1
024 _cAvaialble
037 _cAvailable
040 _aMBSTU LIBRARY
_dMBSTU LIBRARY
082 _222
_a155 GRH
100 _aGraig, Grace J.
245 _aHuman development.
250 _a8th
260 _aNew Jersey.
_bPrentice Hall.
_c1999
300 _a28 cm.
_b696 page
_f1
_g28 cm.
600 _2Development psychology.
650 _2Development psychology.
700 _aGraig, Grace J.
270 _aNew Jersey
_bNew Jersey
_dUSA
365 _b9840.00
_d9840.00
942 _2ddc
_cBK
999 _c766
_d766